| 000 | 00368nam a22001577a 4500 | ||
|---|---|---|---|
| 003 | OSt | ||
| 008 | 220609b ||||| |||| 00| 0 eng d | ||
| 082 | _a005.133 LAO | ||
| 100 | _aLAFORE, Robert | ||
| 245 | _aObject Oriented Programming in C++ | ||
| 250 | _a4th | ||
| 260 |
_aNew Delhi _bPearson _c2022 |
||
| 300 | _a1012 | ||
| 650 | _aB.Tech(CSE) | ||
| 942 |
_2ddc _cBK |
||
| 999 |
_c11282 _d11282 |
||